| 000 | 00375nam a2200133Ia 4500 | ||
|---|---|---|---|
| 008 | 220216s9999 xx 000 0 und d | ||
| 100 | _aStevenson Andrew | ||
| 245 | 0 | _aEffect of long-term immersion of seawater on NR - A review | |
| 260 |
_bRubber International Magazine _c2005 |
||
| 300 | _a83-86 | ||
| 650 | _aRubber composition | ||
| 650 | _aRubber samples | ||
| 942 | _cJS | ||
| 999 |
_c57938 _d57938 |
||